Statistiken für Länder, die mit i, j, oder k beginnen

Klicken Sie hier um das Quiz zu spielen!

Allgemein

  • Dieses Quiz wurde 365 mal gespielt
    (362 seit der letzten Aktualisierung)
  • Das Durchschnittsergebnis liegt bei 12 aus 20

Antwortstatistiken

AnfangsbuchstabenLand% Korrekt
IIndonesien
86%
JJemen
86%
JJordanien
85%
IIsland
83%
IIndien
82%
IIrland
82%
IIran
77%
IIrak
76%
IItalien
72%
IIsrael
70%
JJapan
65%
JJamaika
62%
KKasachstan
59%
KKanada
54%
KKiribati
36%
KKuba
35%
KKuwait
30%
KKirgistan
29%
KKatar
27%
KKenya
5%

Verteilung der Resultate

Perzentil nach korrekt beantworteten Fragen

Anzahl Personen mit jedem Resultat

Ihre Resultats-Entwicklung

Sie haben dieses Quiz seit der letzten Aktualisierung nicht gespielt